000 00534nam a2200217Ia 4500
008 210210b1929 xxu||||| |||| 00| 0 eng d
041 _aeng
082 _a320/267
100 _aILBERT (Courtenay)
245 _aParliament: its history, constitution and practice
260 _aLondon
_bOxford University Press
_c1929
300 _a256
650 _apractice
650 _aParliament:
650 _aits
650 _ahistory,
650 _aconstitution
650 _aand
690 _aPolitical Science
906 _a002015
999 _c118072
_d118072